Sports Quiz

Random Sports or NFL Quiz

NFL 4000+ Season Passing Quiz Stats

 Plays Quiz Updated Jan 5, 2021

Support Sporcle.
Go Orange.
Score 0/198 Timer 10:00
9 Plays Today
Year Player % Correct
2018Tom Brady
98.2%
2012Peyton Manning
98.2%
2019Tom Brady
98.2%
2013Peyton Manning
98.2%
2017Tom Brady
98.2%
2020Tom Brady
98.2%
2004Peyton Manning
98.1%
2000Peyton Manning
98.1%
2006Peyton Manning
98.1%
2003Peyton Manning
98.1%
2002Peyton Manning
98.1%
1999Peyton Manning
98.1%
2001Peyton Manning
98.1%
2007Peyton Manning
98.1%
2008Peyton Manning
98.1%
2014Peyton Manning
97.9%
2011Eli Manning
97.9%
2015Tom Brady
97.6%
2011Tom Brady
97.6%
2014Eli Manning
97.5%
2014Tom Brady
97.5%
2011Drew Brees
97.5%
2012Tom Brady
97.4%
2013Tom Brady
97.3%
2015Eli Manning
97.3%
2018Eli Manning
97.3%
2016Eli Manning
97%
2012Drew Brees
96.9%
2017Drew Brees
96.8%
2013Drew Brees
96.8%
2014Drew Brees
96.6%
2016Drew Brees
96.5%
2015Drew Brees
96.5%
2007Tom Brady
95.3%
2005Tom Brady
95.3%
2008Drew Brees
94.6%
2006Drew Brees
94.6%
2007Drew Brees
94.6%
1984Dan Marino
94%
1986Dan Marino
94%
1994Dan Marino
94%
1988Dan Marino
94%
1985Dan Marino
94%
1992Dan Marino
94%
2020Patrick Mahomes
91.6%
2019Patrick Mahomes
91.1%
2020Aaron Rodgers
91.1%
2019Aaron Rodgers
90.2%
2018Patrick Mahomes
89.4%
1995Brett Favre
89%
1998Brett Favre
89%
2007Brett Favre
89%
1999Brett Favre
89%
2004Brett Favre
89%
2018Aaron Rodgers
88.9%
2018Ben Roethlisberger
87.4%
2019Philip Rivers
87.1%
2016Aaron Rodgers
86.9%
2020Philip Rivers
86.5%
2017Ben Roethlisberger
86.4%
2013Philip Rivers
86.1%
2018Philip Rivers
86.1%
2014Aaron Rodgers
86%
2019Jameis Winston
85.6%
2011Aaron Rodgers
85.2%
2017Philip Rivers
85.1%
Year Player % Correct
2012Aaron Rodgers
84.9%
2019Matt Ryan
84.6%
2018Matt Ryan
84.3%
2020Matthew Stafford
84.2%
2020Matt Ryan
84%
2017Matt Ryan
83.7%
2016Philip Rivers
83.5%
2014Philip Rivers
83.4%
2015Philip Rivers
83.2%
2016Matt Ryan
82.9%
2019Russell Wilson
82.6%
2020Russell Wilson
82.4%
2017Matthew Stafford
82.4%
2011Matthew Stafford
82.3%
1993Steve Young
82.1%
1998Steve Young
82.1%
2013Matthew Stafford
81.8%
2011Philip Rivers
81.8%
2013Ben Roethlisberger
81.3%
2014Matthew Stafford
81.2%
2016Matthew Stafford
81.1%
2015Matt Ryan
80.7%
2015Matthew Stafford
80.6%
2014Matt Ryan
79.6%
2014Ben Roethlisberger
79.1%
2012Matthew Stafford
78.8%
2008Philip Rivers
78.7%
2001Kurt Warner
78.6%
1999Kurt Warner
78.6%
2008Kurt Warner
78.6%
2011Ben Roethlisberger
77.7%
2020Deshaun Watson
77.7%
2013Matt Ryan
77.5%
2016Russell Wilson
77.3%
2012Matt Ryan
76.4%
1993John Elway
75.9%
2015Russell Wilson
75.5%
2019Dak Prescott
75.1%
2012Tony Romo
74.8%
2011Tony Romo
73.9%
2011Matt Ryan
73%
2020Kirk Cousins
72.5%
2018Andrew Luck
72.2%
2020Josh Allen
72.2%
2019Jared Goff
71.9%
2019Carson Wentz
71.6%
2017Alex Smith
71.5%
2018Kirk Cousins
71.3%
2015Carson Palmer
70.3%
2016Carson Palmer
70.3%
2018Jared Goff
69.7%
2017Kirk Cousins
69.6%
2016Andrew Luck
69.3%
2014Andrew Luck
69.3%
2020Derek Carr
69.1%
2013Carson Palmer
68.6%
2009Peyton Manning
68.4%
2009Eli Manning
68.1%
2019Derek Carr
67.9%
2012Carson Palmer
67.8%
2016Joe Flacco
67.2%
2009Drew Brees
67.1%
2012Andrew Luck
67.1%
2009Tom Brady
67%
2016Jameis Winston
66.8%
2016Kirk Cousins
66.8%
Year Player % Correct
2011Cam Newton
66.6%
2007Tony Romo
66%
2018Derek Carr
65.3%
2018Deshaun Watson
65.2%
2004Daunte Culpepper
64.6%
1991Warren Moon
63.8%
1990Warren Moon
63.8%
1994Warren Moon
63.8%
1995Warren Moon
63.8%
2008Aaron Rodgers
62.5%
2015Jameis Winston
60.5%
2009Brett Favre
60.4%
2016Andy Dalton
60.2%
2015Kirk Cousins
59.5%
2008Jay Cutler
58.7%
2007Carson Palmer
58.4%
2006Carson Palmer
58.4%
1994Drew Bledsoe
58.2%
2002Drew Bledsoe
58.2%
1996Drew Bledsoe
58.2%
2009Philip Rivers
57%
2012Matt Schaub
56.2%
2013Andy Dalton
55.7%
2009Aaron Rodgers
54.1%
1981Dan Fouts
51.7%
1980Dan Fouts
51.7%
1979Dan Fouts
51.7%
2015Ryan Tannehill
50.9%
2002Rich Gannon
50.2%
2014Ryan Tannehill
49.5%
2020Justin Herbert
49.1%
2009Ben Roethlisberger
48.9%
2009Tony Romo
48.8%
1996Vinny Testaverde
47.6%
1999Brad Johnson
44.9%
1984Phil Simms
44.3%
2002Kerry Collins
44.3%
2015Blake Bortles
43.6%
2010Peyton Manning
43.3%
2010Eli Manning
43.2%
2010Drew Brees
42.9%
2004Trent Green
42.2%
2003Trent Green
42.2%
2005Trent Green
42.2%
2009Matt Schaub
41.9%
1967Joe Namath
41.6%
2006Marc Bulger
39.6%
2000Jeff Garcia
36.4%
2010Philip Rivers
36.2%
1996Mark Brunell
33.4%
2004Jake Plummer
28.2%
2012Josh Freeman
28.2%
2006Jon Kitna
25.9%
2007Jon Kitna
25.9%
2010Matt Schaub
25.6%
1995Jeff George
24.3%
2000Elvis Grbac
17.7%
1989Jim Everett
16.5%
1995Scott Mitchell
15.3%
1999Steve Beuerlein
12%
1984Neil Lomax
11.9%
1980Brian Sipe
11.8%
1989Don Majkowski
9.3%
1983Lynn Dickey
8.3%
1986Jay Schroeder
7%
1983Bill Kenney
5.4%

From the Vault

Which Teams Did He Play For? (NBA)

by csl

Sports 10m
And you thought Vinny Testaverde played for a lot of teams. Just wait until you see Joe Smith!
Remove Ads.
Support Sporcle.
Get the best of Sporcle when you Go Orange. This ad-free experience offers more features, more stats, and more fun while also helping to support Sporcle. Thank you for becoming a member.

Show Comments

Extras

Top Quizzes Today


Score Distribution

Your Account Isn't Verified!

In order to create a playlist on Sporcle, you need to verify the email address you used during registration. Go to your Sporcle Settings to finish the process.

Report this User

Report this user for behavior that violates our Community Guidelines.

Details: